000 00273nam a2200097Ia 4500
008 180205s9999 xx 000 0 und d
100 _aPayawal, Pacifico, C.
245 _aBiology /
260 _aManila, Philippines
_bAcademe publishing house
_c1992
300 _aiii, 636 pages
999 _c354859
_d354859